Elektronno-optičekije pribory

Gespeichert in:
Bibliographische Detailangaben
1. Verfasser: Iznar, Andrej Nikolajevič (Verfasst von)
Format: Buch
Sprache:Russisch
Veröffentlicht: Moskva : Mašinostrojenije, 1977
Tags: Tag hinzufügen
Keine Tags, Fügen Sie das erste Tag hinzu!

MARC

LEADER 00000nam a22000003a 4500
001 stu201321
005 20150617230106.6
008 100322s1979----xxr-----------------rus-d
040 |a STU  |b slo 
041 0 |a rus 
044 |a xxr 
080 |a 621.383 
100 1 |a Iznar, Andrej Nikolajevič  |4 aut 
245 1 |a Elektronno-optičekije pribory 
260 |a Moskva :  |b Mašinostrojenije,  |c 1977 
300 |a 263 s 
996 |b E41600  |c E*41600  |l EE10  |s P  |a 0  |w stu201321_0001